| 000 | 00770nam0a22002411 4500 | ||
|---|---|---|---|
| 001 | rc\4181969 | ||
| 005 | 20250611010816.0 | ||
| 035 | _a(NLR Aleph) 008001587 | ||
| 090 |
_a8643206 _c8643206 |
||
| 100 | _a20130415d1952 |||y0rusy50 ca | ||
| 101 | 0 | _arus | |
| 102 | _aRU | ||
| 105 | _aa z ||||| | ||
| 200 | 1 | _aЭлектричество | |
| 210 |
_aМосква _aЛенинград _cГос. изд-во техн.-теорет. лит. _d1952 |
||
| 215 |
_a248 с. _cил. _d20 |
||
| 225 | 1 |
_aЛекционные демонстрации по физике _vВып. 6 |
|
| 700 | 1 |
_aТелеснин _bР.В. _gРоман Владимирович |
|
| 801 | 0 |
_aRU _bNLR _gpsbo |
|
| 801 | 1 |
_aRU _bELAR _2rusmarc |
|
| 852 |
_aNLR _jФз02 Г-3/107 |
||
| 942 | _cBOOK | ||
| 980 | _aNB | ||